00421cam a2200157ua 450000100060000000800390000602000180004504000090006308200120007210000260008424500620011025000120017226000480018430000100023265300210024212073200218n ii |||gr||||Z||||||eng a9780198077428 cMAIN a954.025 aIrfan Habib,eAuthor. aAgrarian system of mughal india 1556-1707cby Irfan Habib a3rd ed. aNew Delhi:bOxford university press,c2014. a548p. aSouth Asia India